[Event "Alicante IM 3rd"]
[Site "Alicante"]
[Date "2024.07.05"]
[Round "9"]
[White "Valle Maytin, Luis Enrique"]
[Black "Marin Ferragut, Pau"]
[Result "0-1"]
[WhiteElo "2232"]
[BlackElo "2211"]
[PlyCount "82"]
[EventDate "2024.07.01"]
[EventType "tourn"]
[EventRounds "9"]
[EventCountry "ESP"]
[EventCategory "1"]
[SourceTitle "CB28_2024"]
[SourceDate "2024.07.10"]
[SourceVersion "1"]
[SourceVersionDate "2024.07.10"]
[SourceQuality "1"]

1. d4 Nf6 2. Nf3 d5 3. c4 e6 4. Nc3 Bb4 5. cxd5 exd5 6. Qa4+ Nc6 7. Ne5 Bd7 8. Nxc6 Bxc3+ 9. bxc3 Bxc6 10. Qb3 Ne4 11. e3 Qh4 12. Qc2 0-0 13. Bd3 Rfe8 14. 0-0 Re6 15. f3 Nd6 16. Rb1 Rae8 17. g3 Qh5 18. g4 Qh4 19. Qf2 Qxf2+ 20. Kxf2 a6 21. Re1 f5 22. gxf5 Rf6 23. Bd2 Nxf5 24. Rg1 Nd6 25. Rbe1 Ref8 26. Rg3 Bb5 27. Bb1 Nf5 28. Rh3 Bd7 29. Bxf5 Bxf5 30. Rg3 Be4 31. f4 Rb6 32. Bc1 Rc6 33. Bb2 Rff6 34. Reg1 g6 35. Rd1 Rc4 36. Rd2 Rb6 37. Rg1 Kf7 38. Rc1 Rbc6 39. Kg3 Ra4 40. a3 Rb6 41. Kf2 Rb3 0-1

[Event "Alicante IM 3rd"]
[Site "Alicante"]
[Date "2024.07.04"]
[Round "8"]
[White "Cruz, Jonathan"]
[Black "Valle Maytin, Luis Enrique"]
[Result "1/2-1/2"]
[WhiteElo "2328"]
[BlackElo "2232"]
[PlyCount "63"]
[EventDate "2024.07.01"]
[EventType "tourn"]
[EventRounds "9"]
[EventCountry "ESP"]
[EventCategory "1"]
[SourceTitle "CB28_2024"]
[SourceDate "2024.07.10"]
[SourceVersion "1"]
[SourceVersionDate "2024.07.10"]
[SourceQuality "1"]

1. Nf3 d5 2. d4 Nf6 3. c4 e6 4. Nc3 Be7 5. e3 0-0 6. Bd3 dxc4 7. Bxc4 a6 8. a4 c5 9. 0-0 Nc6 10. dxc5 Bxc5 11. Qe2 e5 12. Rd1 Qe7 13. Nd5 Nxd5 14. Bxd5 Bg4 15. Qc4 Bxf3 16. Bxf3 Rfd8 17. Bd2 Rac8 18. Bc3 Bd6 19. Bxc6 Rxc6 20. Qe4 f6 21. Rd2 Bc7 22. Rxd8+ Qxd8 23. h3 g6 24. Qf3 Kg7 25. g3 Qe7 26. Rd1 Rd6 27. Rxd6 Bxd6 28. Qd5 h5 29. Kg2 Qc7 30. g4 hxg4 31. hxg4 Qc6 32. Qxc6 1/2-1/2

[Event "Alicante IM 3rd"]
[Site "Alicante"]
[Date "2024.07.03"]
[Round "5"]
[White "Giaccio, Alfredo Gustavo"]
[Black "Valle Maytin, Luis Enrique"]
[Result "1-0"]
[WhiteElo "2333"]
[BlackElo "2232"]
[PlyCount "101"]
[EventDate "2024.07.01"]
[EventType "tourn"]
[EventRounds "9"]
[EventCountry "ESP"]
[EventCategory "1"]
[SourceTitle "CB28_2024"]
[SourceDate "2024.07.10"]
[SourceVersion "1"]
[SourceVersionDate "2024.07.10"]
[SourceQuality "1"]

1. e4 c6 2. d4 d5 3. e5 Bf5 4. h4 h5 5. Bd3 Bxd3 6. Qxd3 e6 7. Nd2 Ne7 8. Ne2 Nf5 9. Nf3 c5 10. c3 Nc6 11. Bg5 Be7 12. dxc5 Qc7 13. Ned4 Nxe5 14. Qb5+ Kf8 15. Nxf5 Nxf3+ 16. gxf3 exf5 17. Be3 f4 18. Bd4 Rh6 19. 0-0-0 Rc6 20. b4 a5 21. Kb1 g6 22. Rd2 axb4 23. cxb4 Ra3 24. Bb2 Ra8 25. Rxd5 b6 26. Qc4 bxc5 27. b5 Re6 28. Rhd1 Qa5 29. a3 Qa4 30. Qc3 f6 31. Qd3 Kf7 32. Rd7 Ra7 33. Rxa7 Qxa7 34. Qd5 Qa5 35. Qc4 Qb6 36. Re1 Bd8 37. a4 Ke7 38. Rd1 Bc7 39. Ba3 Re5 40. a5 Qa7 41. Qg8 Qxa5 42. Qg7+ Ke8 43. Qxg6+ Ke7 44. Qg7+ Ke8 45. Bb2 Re1 46. Qh8+ Ke7 47. Qxf6+ Ke8 48. Qg6+ Ke7 49. Bf6+ Kf8 50. Qg7+ Ke8 51. Qg8# 1-0

[Event "Titled Tuesday intern op 30th Apr Early"]
[Site "Chess.com INT"]
[Date "2024.04.30"]
[Round "6"]
[White "Lantini, Marco"]
[Black "Valle Maytin, Luis Enrique"]
[Result "1/2-1/2"]
[WhiteElo "1980"]
[BlackElo "2232"]
[PlyCount "142"]
[EventDate "2024.04.30"]
[EventType "swiss (blitz)"]
[EventRounds "11"]
[EventCountry "USA"]
[SourceTitle "CB19_2024"]
[SourceDate "2024.05.08"]
[SourceVersion "1"]
[SourceVersionDate "2024.05.08"]
[SourceQuality "1"]

1. Nf3 d5 2. b3 Nf6 3. Bb2 c5 4. g3 Nc6 5. Bg2 Bg4 6. 0-0 e6 7. d4 cxd4 8. Nxd4 Nxd4 9. Bxd4 Be7 10. Nd2 0-0 11. h3 Bh5 12. c4 dxc4 13. Nxc4 Bxe2 14. Qxe2 Qxd4 15. Bxb7 Rad8 16. Rad1 Qc3 17. Rc1 Qb4 18. Bg2 Rd4 19. Ne5 Rd2 20. Qe3 Rxa2 21. Nc6 Qa3 22. Rc3 Bb4 23. Rc4 Bd2 24. Qd3 Rb2 25. Nd4 Nd5 26. Bxd5 exd5 27. Rc2 Bh6 28. Nb5 Qxb3 29. Qxb3 Rxb3 30. Nxa7 d4 31. Nc6 d3 32. Rc4 d2 33. Rd4 Re8 34. Ne7+ Kf8 35. Nf5 Rb2 36. Kg2 f6 37. Rd1 Re1 38. Rd8+ Kf7 39. Nxh6+ gxh6 40. R1xd2 Rxd2 41. Rxd2 Re7 42. Rd6 Kg6 43. Kf3 h5 44. h4 Re5 45. Kg2 Rf5 46. Rb6 Ra5 47. f3 Ra2+ 48. Kh3 Rf2 49. Rb3 Rf1 50. g4 Rh1+ 51. Kg3 hxg4 52. fxg4 Rg1+ 53. Kf4 Rf1+ 54. Rf3 Rd1 55. h5+ Kg7 56. g5 fxg5+ 57. Kxg5 Rd5+ 58. Kh4 Rd4+ 59. Kg5 Rd1 60. Rb3 Rd5+ 61. Kh4 Kh6 62. Rb6+ Kg7 63. Re6 Ra5 64. Re4 Kf6 65. Rg4 Rf5 66. Rb4 Re5 67. Rb6+ Kg7 68. Rb7+ Kh6 69. Rb6+ Kg7 70. Rb7+ Kh6 71. Rb6+ Kg7 1/2-1/2

[Event "Titled Tuesday intern op 02nd Apr Early"]
[Site "Chess.com INT"]
[Date "2024.04.02"]
[Round "4"]
[White "Dinu, Dumitru Daniel"]
[Black "Valle Maytin, Luis Enrique"]
[Result "0-1"]
[WhiteElo "2190"]
[BlackElo "2232"]
[PlyCount "140"]
[EventDate "2024.04.02"]
[EventType "swiss (blitz)"]
[EventRounds "11"]
[EventCountry "USA"]
[SourceTitle "CB15_2024"]
[SourceDate "2024.04.10"]
[SourceVersion "1"]
[SourceVersionDate "2024.04.10"]
[SourceQuality "1"]

1. e4 c5 2. Nf3 g6 3. d4 cxd4 4. Nxd4 Nc6 5. c4 Nf6 6. Nc3 d6 7. Be2 Nxd4 8. Qxd4 Bg7 9. 0-0 0-0 10. Qd3 Be6 11. Be3 Nd7 12. f3 Ne5 13. Qc2 Nxc4 14. Bf2 Qa5 15. Rac1 Rfc8 16. Bxc4 Rxc4 17. Qd3 Rac8 18. Be1 Qb6+ 19. Kh1 Qxb2 20. Rb1 Rxc3 21. Bxc3 Qxc3 22. Qxc3 Rxc3 23. Rxb7 Ra3 24. Rxe7 Rxa2 25. Rb1 Be5 26. h3 a5 27. Rf1 Ra1 28. Rxa1 Bxa1 29. Ra7 Bc3 30. Ra8+ Kg7 31. Kg1 Bb3 32. Kf1 a4 33. Ke2 Bb2 34. Rb8 a3 35. Rxb3 a2 36. Rxb2 a1Q 37. Rd2 Qg1 38. Kd3 Qf1+ 39. Ke3 h5 40. Rf2 Qc1+ 41. Rd2 h4 42. Ke2 Qc4+ 43. Ke3 Qc5+ 44. Ke2 g5 45. Rd5 Qc2+ 46. Rd2 Qc4+ 47. Ke3 Qc3+ 48. Ke2 Qe5 49. Ke3 Kf6 50. Rd5 Qxd5 51. exd5 Ke5 52. f4+ gxf4+ 53. Kf3 Kf5 54. Kf2 Ke4 55. Ke2 Kxd5 56. Kf3 Ke5 57. Kg4 d5 58. Kxh4 d4 59. Kg4 Ke4 60. h4 d3 61. h5 d2 62. h6 d1Q+ 63. Kg5 Qh1 64. g4 fxg3 65. Kf6 g2 66. Ke7 Qxh6 67. Ke8 g1Q 68. Kxf7 Qgg6+ 69. Ke7 Qhh7+ 70. Kd8 Qgg8# 0-1

[Event "Titled Tuesday intern op 26th Sep Early"]
[Site "Chess.com INT"]
[Date "2023.09.26"]
[Round "6"]
[White "Devaev, Alexander"]
[Black "Valle Maytin, Luis Enrique"]
[Result "1-0"]
[WhiteElo "2325"]
[BlackElo "2246"]
[PlyCount "179"]
[EventDate "2023.09.26"]
[EventType "swiss (blitz)"]
[EventRounds "11"]
[EventCountry "USA"]
[SourceTitle "EXT 2024"]
[Source "ChessBase"]
[SourceDate "2023.10.10"]
[SourceVersion "1"]
[SourceVersionDate "2023.10.10"]
[SourceQuality "1"]

1. d4 d5 2. c4 e6 3. Nc3 Nf6 4. Nf3 Be7 5. Bg5 0-0 6. e3 h6 7. Bh4 Ne4 8. Bxe7 Qxe7 9. Qc2 Nxc3 10. bxc3 Nd7 11. Be2 dxc4 12. Bxc4 b6 13. 0-0 Bb7 14. Qe2 c5 15. a4 Rac8 16. Ba6 Nf6 17. a5 cxd4 18. cxd4 bxa5 19. Rxa5 Be4 20. Bd3 Rc7 21. Bxe4 Nxe4 22. Qd3 Nf6 23. Rfa1 Rfc8 24. g3 Qb4 25. Rxa7 g5 26. h3 Qb6 27. Rxc7 Rxc7 28. Rb1 Qc6 29. Nd2 Kg7 30. Nb3 Qc2 31. Qxc2 Rxc2 32. Rc1 Rb2 33. Nc5 Nd5 34. Nd3 Rb7 35. Ne5 f6 36. Nd3 Kg6 37. Rc6 Re7 38. Nc5 e5 39. e4 Nb4 40. Rb6 Nc2 41. d5 Nd4 42. Kg2 Rc7 43. Ne6 Nxe6 44. Rxe6 Rc4 45. Kf3 Rc3+ 46. Ke2 Rc2+ 47. Ke3 Ra2 48. Rc6 Ra3+ 49. Ke2 Ra2+ 50. Ke3 Ra3+ 51. Kd2 Ra4 52. Kd3 Rd4+ 53. Ke3 h5 54. Rc2 g4 55. hxg4 hxg4 56. Rd2 Ra4 57. d6 Ra8 58. d7 Rd8 59. f3 gxf3 60. Kxf3 Kf7 61. Kg4 Ke6 62. Kh5 Ke7 63. Kg6 Rg8+ 64. Kh5 Rd8 65. g4 Rh8+ 66. Kg6 Rg8+ 67. Kh6 Rd8 68. Kg7 Ke6 69. Kg6 Rg8+ 70. Kh7 Rd8 71. Kg7 Ke7 72. Rd5 Ke6 73. Kh7 Kf7 74. Rd6 Ke7 75. Rd1 Rxd7 76. Rxd7+ Kxd7 77. Kg7 Ke7 78. Kg6 Ke6 79. g5 fxg5 80. Kxg5 Kd7 81. Kf6 Kd8 82. Kf5 Ke7 83. Kxe5 Kd7 84. Kf6 Ke8 85. e5 Kf8 86. e6 Ke8 87. e7 Kd7 88. Kf7 Kd6 89. e8Q Kd5 90. Qe3 1-0

[Event "Titled Tuesday intern op 26th Sep Early"]
[Site "Chess.com INT"]
[Date "2023.09.26"]
[Round "2"]
[White "Hernandez Gonzalez, William"]
[Black "Valle Maytin, Luis Enrique"]
[Result "1-0"]
[WhiteElo "2487"]
[BlackElo "2246"]
[PlyCount "147"]
[EventDate "2023.09.26"]
[EventType "swiss (blitz)"]
[EventRounds "11"]
[EventCountry "USA"]
[SourceTitle "EXT 2024"]
[Source "ChessBase"]
[SourceDate "2023.10.10"]
[SourceVersion "1"]
[SourceVersionDate "2023.10.10"]
[SourceQuality "1"]

1. e4 c5 2. Nf3 g6 3. d4 cxd4 4. Qxd4 Nf6 5. e5 Nc6 6. Qa4 Nd5 7. Qb3 Nc7 8. Nc3 Bg7 9. Bf4 0-0 10. 0-0-0 Ne6 11. Bg3 Qa5 12. Nd5 b5 13. Qxb5 Qxa2 14. c3 Rb8 15. Bc4 Rxb5 16. Bxa2 Bh6+ 17. Kc2 Re8 18. Rhe1 a5 19. Nd2 Rb8 20. Ne4 Ba6 21. f4 Kf8 22. h4 Rec8 23. Ng5 Ncd4+ 24. Kb1 Ne2 25. Bf2 Nxc3+ 26. Nxc3 Rxc3 27. Rxd7 Bxg5 28. fxg5 Rc6 29. Be3 Bc8 30. Rd2 Nc5 31. Rc1 Bf5+ 32. Ka1 Nb3+ 33. Bxb3 Rxc1+ 34. Ka2 Bb1+ 35. Ka3 a4 36. Bxa4 Be4 37. b3 Ra1+ 38. Ra2 Rxa2+ 39. Kxa2 Bxg2 40. Ka3 Bd5 41. b4 f5 42. exf6 exf6 43. gxf6 Kf7 44. Bg5 h6 45. Bxh6 Kxf6 46. Bg5+ Kf5 47. b5 Bc4 48. Kb4 Be2 49. Be3 Ke4 50. Bc5 Kd5 51. Bb3+ Ke4 52. b6 Bf3 53. Bc2+ Kf4 54. Bxg6 Kg4 55. h5 Kg5 56. Be3+ Kf6 57. Kc5 Rh8 58. Bd4+ Kg5 59. Bxh8 Bb7 60. Bd4 Kh6 61. Kd6 Kg5 62. Kc7 Ba6 63. Be3+ Kf6 64. b7 Bxb7 65. Kxb7 Kg7 66. Be4 Kh8 67. h6 Kg8 68. Bg6 Kh8 69. Bd4+ Kg8 70. h7+ Kf8 71. h8Q+ Ke7 72. Qe5+ Kd7 73. Bf5+ Kd8 74. Bb6# 1-0

[Event "Titled Tuesday intern op 19th Sep Early"]
[Site "Chess.com INT"]
[Date "2023.09.19"]
[Round "4"]
[White "Feliz Dotel, Dewar Bienvenido"]
[Black "Valle Maytin, Luis Enrique"]
[Result "1-0"]
[WhiteElo "2035"]
[BlackElo "2246"]
[PlyCount "93"]
[EventDate "2023.09.19"]
[EventType "swiss (blitz)"]
[EventRounds "11"]
[EventCountry "USA"]
[SourceTitle "EXT 2024"]
[Source "ChessBase"]
[SourceDate "2023.10.10"]
[SourceVersion "1"]
[SourceVersionDate "2023.10.10"]
[SourceQuality "1"]

1. d4 d5 2. e3 Nf6 3. Nf3 Bg4 4. h3 Bxf3 5. Qxf3 c6 6. c4 e6 7. Bd3 Nbd7 8. Nc3 Bd6 9. 0-0 0-0 10. b3 g6 11. e4 dxe4 12. Nxe4 Nxe4 13. Qxe4 Re8 14. Qe2 Bf8 15. Be3 Bg7 16. Qf3 c5 17. d5 Bxa1 18. Rxa1 e5 19. Bf1 b6 20. g3 Qf6 21. Qe2 e4 22. Rd1 Ne5 23. Bg2 Nf3+ 24. Kh1 h5 25. h4 Qf5 26. a3 a5 27. Rb1 f6 28. b4 axb4 29. axb4 Nd4 30. Qd2 Qe5 31. bxc5 bxc5 32. Rb7 Nf5 33. Bxc5 Qa1+ 34. Kh2 Qa6 35. Rc7 Rac8 36. d6 Rxc7 37. dxc7 Qc8 38. Bb6 Qb7 39. c5 Qc6 40. Qc3 Kf7 41. Qb3+ Kf8 42. Qc4 Qb7 43. Qb5 Qc8 44. c6 Qe6 45. Bc5+ Kf7 46. Qb8 Rc8 47. Bh3 1-0

[Event "Titled Tuesday intern op 15th Aug Early"]
[Site "Chess.com INT"]
[Date "2023.08.15"]
[Round "5"]
[White "Glashausser, Sho"]
[Black "Valle Maytin, Luis Enrique"]
[Result "1-0"]
[WhiteElo "1969"]
[BlackElo "2246"]
[PlyCount "161"]
[EventDate "2023.08.15"]
[EventType "swiss (blitz)"]
[EventRounds "11"]
[EventCountry "USA"]
[SourceTitle "EXT 2024"]
[Source "ChessBase"]
[SourceDate "2023.10.10"]
[SourceVersion "1"]
[SourceVersionDate "2023.10.10"]
[SourceQuality "1"]

1. Nf3 d5 2. e3 Nf6 3. b3 e6 4. Bb2 Be7 5. d4 0-0 6. Bd3 b6 7. Nbd2 c5 8. 0-0 Ba6 9. c4 Nc6 10. Rc1 Rc8 11. dxc5 Bxc5 12. a3 dxc4 13. Nxc4 Qd5 14. Qc2 Qh5 15. Qb1 Rfd8 16. Be2 Qg6 17. b4 Bxc4 18. Rxc4 Qxb1 19. Rxb1 Bd6 20. Rbc1 Ne7 21. Bxf6 gxf6 22. Nd4 Bb8 23. Rxc8 Rxc8 24. Rxc8+ Nxc8 25. Nc6 Bc7 26. Ba6 Nd6 27. Nxa7 Ne4 28. f3 Nc3 29. Nb5 Nxb5 30. Bxb5 Kf8 31. h4 Bg3 32. h5 Kg7 33. Be8 e5 34. a4 f5 35. Kf1 Bh4 36. a5 bxa5 37. bxa5 Bg5 38. Ke2 Bd8 39. a6 Bb6 40. Bd7 Kf6 41. g4 fxg4 42. fxg4 Kg5 43. Bf5 h6 44. e4 Kf4 45. Kd3 Kg5 46. Kc4 Kf6 47. Kb5 Bd4 48. Kc6 Ke7 49. Kb7 Kd8 50. a7 Bxa7 51. Kxa7 Kc7 52. Ka6 Kc6 53. Ka5 Kc5 54. Ka4 Kc4 55. Ka3 Kc3 56. Ka2 Kc2 57. Ka3 Kc3 58. Bh7 f6 59. Bf5 Kc4 60. Kb2 Kd3 61. Kb3 Kd4 62. Kb4 Ke3 63. Kc5 Kf3 64. Kd5 Kf4 65. Ke6 Kg5 66. Kf7 Kh4 67. Kxf6 Kg3 68. Kxe5 Kh4 69. Kf6 Kg3 70. e5 Kf4 71. e6 Kg3 72. e7 Kh4 73. Kf7 Kg3 74. e8Q Kh4 75. Qe1+ Kh3 76. g5+ Kg2 77. Be4+ Kh3 78. Qe3+ Kg4 79. Qf3+ Kxg5 80. Qg3+ Kxh5 81. Bg6# 1-0

[Event "Titled Tuesday intern op 08th Aug Early"]
[Site "Chess.com INT"]
[Date "2023.08.08"]
[Round "8"]
[White "Garakov, Mikhael"]
[Black "Valle Maytin, Luis Enrique"]
[Result "0-1"]
[WhiteElo "2447"]
[BlackElo "2246"]
[PlyCount "106"]
[EventDate "2023.08.08"]
[EventType "swiss (blitz)"]
[EventRounds "11"]
[EventCountry "USA"]
[SourceTitle "EXT 2024"]
[Source "ChessBase"]
[SourceDate "2023.10.10"]
[SourceVersion "1"]
[SourceVersionDate "2023.10.10"]
[SourceQuality "1"]

1. e3 c6 2. d4 d5 3. c4 Nf6 4. Nc3 g6 5. Nf3 Bg7 6. Be2 0-0 7. 0-0 Bf5 8. Ne5 Nbd7 9. f4 dxc4 10. Bxc4 Ne4 11. Qb3 Nxe5 12. fxe5 Nxc3 13. bxc3 b5 14. Bxf7+ Rxf7 15. e4 Kf8 16. exf5 Rxf5 17. Rxf5+ gxf5 18. Ba3 Qd5 19. Rf1 Qxb3 20. axb3 Kf7 21. Rxf5+ Kg6 22. Rf3 e6 23. g4 a5 24. Kg2 a4 25. bxa4 Rxa4 26. Be7 h5 27. Kg3 hxg4 28. Kxg4 Bxe5 29. h4 Bg7 30. h5+ Kh7 31. Re3 e5 32. h6 Kxh6 33. Kf5 Kh7 34. dxe5 Kg8 35. Bf6 Bxf6 36. Kxf6 Kf8 37. Ke6 Rc4 38. Kd7 b4 39. cxb4 Rxb4 40. Rf3+ Kg7 41. e6 Rd4+ 42. Kxc6 Re4 43. Kd6 Rd4+ 44. Ke5 Rd1 45. Rf4 Re1+ 46. Kd6 Rd1+ 47. Ke7 Re1 48. Kd7 Rd1+ 49. Ke8 Rf1 50. e7 Rxf4 51. Kd7 Rd4+ 52. Ke6 Re4+ 53. Kd7 Kf7 0-1

[Event "Titled Tuesday intern op 08th Aug Early"]
[Site "Chess.com INT"]
[Date "2023.08.08"]
[Round "3"]
[White "Saim, Mohamed Ilias"]
[Black "Valle Maytin, Luis Enrique"]
[Result "0-1"]
[WhiteElo "2169"]
[BlackElo "2246"]
[PlyCount "62"]
[EventDate "2023.08.08"]
[EventType "swiss (blitz)"]
[EventRounds "11"]
[EventCountry "USA"]
[SourceTitle "EXT 2024"]
[Source "ChessBase"]
[SourceDate "2023.10.10"]
[SourceVersion "1"]
[SourceVersionDate "2023.10.10"]
[SourceQuality "1"]

1. c4 c5 2. g3 Nc6 3. Bg2 g6 4. Nc3 Bg7 5. Nf3 d6 6. 0-0 e5 7. Ne1 Nge7 8. Nc2 Be6 9. d3 Qd7 10. Ne3 h5 11. Ned5 h4 12. e4 Nd4 13. Bg5 Nxd5 14. Nxd5 Bxd5 15. cxd5 f6 16. Be3 f5 17. Bxd4 cxd4 18. Rc1 Bh6 19. Rc4 hxg3 20. fxg3 Be3+ 21. Kh1 f4 22. g4 Rh4 23. h3 Ke7 24. Qc2 Qxg4 25. Rc7+ Kf6 26. Rf3 Rah8 27. Rxb7 Rxh3+ 28. Rxh3 Rxh3+ 29. Bxh3 Qxh3+ 30. Qh2 Qf1+ 31. Qg1 Qxg1# 0-1

[Event "Titled Tuesday intern op 08th Aug Early"]
[Site "Chess.com INT"]
[Date "2023.08.08"]
[Round "6"]
[White "Valle Maytin, Luis Enrique"]
[Black "Floresvillar Gonzalez, Luis Miguel"]
[Result "1-0"]
[WhiteElo "2246"]
[BlackElo "2019"]
[PlyCount "101"]
[EventDate "2023.08.08"]
[EventType "swiss (blitz)"]
[EventRounds "11"]
[EventCountry "USA"]
[SourceTitle "EXT 2024"]
[Source "ChessBase"]
[SourceDate "2023.10.10"]
[SourceVersion "1"]
[SourceVersionDate "2023.10.10"]
[SourceQuality "1"]

1. d4 d5 2. Nf3 c6 3. e3 Bf5 4. Bd3 e6 5. 0-0 Nf6 6. Nbd2 Nbd7 7. Qe2 Ne4 8. Bxe4 dxe4 9. Ne5 Nxe5 10. dxe5 Qc7 11. Nc4 b5 12. Nd6+ Bxd6 13. exd6 Qxd6 14. b3 0-0 15. Bb2 Rfd8 16. Rfd1 Qc5 17. Bd4 Qe7 18. a4 e5 19. Bc3 b4 20. Bb2 a5 21. Qc4 c5 22. h3 h6 23. Rd5 Rxd5 24. Qxd5 Rd8 25. Qxe5 Qxe5 26. Bxe5 Rd2 27. Rc1 Be6 28. Bc7 c4 29. Bxa5 cxb3 30. cxb3 Bxb3 31. Bxb4 Rc2 32. Ra1 Ra2 33. Rxa2 Bxa2 34. Kh2 f5 35. Kg3 g5 36. h4 Kf7 37. a5 Bc4 38. h5 Be2 39. Bc5 Ba6 40. Bd4 Bb7 41. f4 g4 42. Kf2 Ba6 43. Ke1 Bc4 44. g3 Ke7 45. Kd2 Kd7 46. Kc3 Bf7 47. Kb4 Kc6 48. Bg7 Bxh5 49. Bxh6 Bf7 50. Bg7 Bd5 51. Be5 1-0

[Event "Titled Tuesday intern op 08th Aug Early"]
[Site "Chess.com INT"]
[Date "2023.08.08"]
[Round "10"]
[White "Valle Maytin, Luis Enrique"]
[Black "Povshednyi, Ivan"]
[Result "1-0"]
[WhiteElo "2246"]
[BlackElo "2223"]
[PlyCount "147"]
[EventDate "2023.08.08"]
[EventType "swiss (blitz)"]
[EventRounds "11"]
[EventCountry "USA"]
[SourceTitle "EXT 2024"]
[Source "ChessBase"]
[SourceDate "2023.10.10"]
[SourceVersion "1"]
[SourceVersionDate "2023.10.10"]
[SourceQuality "1"]

1. d4 Nf6 2. Nf3 d5 3. e3 g6 4. Be2 Bg7 5. b4 0-0 6. 0-0 a5 7. b5 c5 8. bxc6 Nxc6 9. c4 dxc4 10. Bxc4 Bf5 11. Nbd2 Ne4 12. Ba3 Nxd2 13. Qxd2 Be4 14. Rfd1 Bd5 15. Rac1 Bxc4 16. Rxc4 Re8 17. Rb1 Rb8 18. g3 Qd5 19. Qe2 e6 20. Rc5 Qd7 21. Rcb5 Rec8 22. Qb2 Rc7 23. Bc5 h5 24. Bb6 Rcc8 25. Bxa5 Nxa5 26. Rxa5 Ra8 27. Rxa8 Rxa8 28. Qxb7 Qxb7 29. Rxb7 Rxa2 30. Ng5 f5 31. Nxe6 Bf6 32. Nf4 Ra1+ 33. Kg2 g5 34. Nxh5 Bh8 35. h4 gxh4 36. gxh4 Ra2 37. Kf3 Rc2 38. Rb8+ Kh7 39. Rf8 Rc3 40. Kf4 Rc2 41. f3 Rh2 42. Kg3 Re2 43. Kf4 Rh2 44. Rxf5 Rxh4+ 45. Kg3 Rh1 46. d5 Kg6 47. Kg4 Rg1+ 48. Kf4 Rh1 49. Rg5+ Kh6 50. Ng3 Rd1 51. Nf5+ Kh7 52. Rh5+ Kg8 53. e4 Bc3 54. Ne7+ Kf7 55. Rh7+ Ke8 56. Kf5 Rf1 57. f4 Bd2 58. Ng6 Kd8 59. d6 Bb4 60. e5 Rc1 61. Ke6 Kc8 62. f5 Re1 63. Rc7+ Kb8 64. Rc4 Rf1 65. Rxb4+ Ka7 66. Rc4 Rg1 67. Rd4 Kb6 68. d7 Kc5 69. d8Q Rxg6+ 70. fxg6 Kb5 71. Qd6 Ka5 72. Rd5+ Ka4 73. Qb8 Ka3 74. Ra5# 1-0

[Event "Titled Tuesday intern op 01st Aug Early"]
[Site "Chess.com INT"]
[Date "2023.08.01"]
[Round "5"]
[White "Valle Maytin, Luis Enrique"]
[Black "Martine, Jean Christophe"]
[Result "1-0"]
[WhiteElo "2246"]
[BlackElo "1998"]
[PlyCount "107"]
[EventDate "2023.08.01"]
[EventType "swiss (blitz)"]
[EventRounds "11"]
[EventCountry "USA"]
[SourceTitle "EXT 2024"]
[Source "ChessBase"]
[SourceDate "2023.10.10"]
[SourceVersion "1"]
[SourceVersionDate "2023.10.10"]
[SourceQuality "1"]

1. d4 e5 2. dxe5 d6 3. exd6 Bxd6 4. g3 Nf6 5. Bg2 Nc6 6. Nf3 Bg4 7. c3 Qe7 8. 0-0 0-0-0 9. Qc2 Bc5 10. Bg5 Rhe8 11. e3 h6 12. Bxf6 Qxf6 13. Nd4 Ne5 14. Nd2 Bb6 15. a4 Bxd4 16. cxd4 Nf3+ 17. Nxf3 Bxf3 18. Rfc1 c6 19. a5 Rd6 20. a6 b6 21. Ra3 Bxg2 22. Kxg2 Kb8 23. Rc3 Rc8 24. b4 Qe6 25. Kg1 Qd5 26. Qb3 Qxb3 27. Rxb3 Kc7 28. Kg2 Kd7 29. f4 Re8 30. Kf3 f5 31. Rbc3 Re4 32. b5 cxb5 33. Rc7+ Ke6 34. Rxa7 Kd5 35. Rxg7 Re8 36. a7 Ra8 37. Rf7 Ke6 38. Rh7 Kd5 39. Rf7 Ke6 40. Rfc7 b4 41. Rb1 Rd7 42. Rxd7 Kxd7 43. Rxb4 Kc6 44. Ra4 b5 45. Ra6+ Kd5 46. Ke2 Kc4 47. Kd2 Kb3 48. d5 b4 49. d6 Kb2 50. d7 b3 51. Rd6 Rd8 52. a8Q Rxa8 53. d8Q Rxd8 54. Rxd8 1-0

[Event "Titled Tuesday intern op 13th Jun Early"]
[Site "Chess.com INT"]
[Date "2023.06.13"]
[Round "2"]
[White "Cruz Mendez, Jean Marcos"]
[Black "Valle Maytin, Luis Enrique"]
[Result "1-0"]
[WhiteElo "2270"]
[BlackElo "2246"]
[PlyCount "46"]
[EventDate "2023.06.13"]
[EventType "swiss (blitz)"]
[EventRounds "11"]
[EventCountry "USA"]
[SourceTitle "EXT 2024"]
[Source "ChessBase"]
[SourceDate "2023.10.10"]
[SourceVersion "1"]
[SourceVersionDate "2023.10.10"]
[SourceQuality "1"]

1. Nf3 d5 2. b3 Nf6 3. Bb2 Bf5 4. e3 e6 5. Be2 c5 6. 0-0 Nc6 7. d4 Be7 8. Nbd2 0-0 9. a3 h6 10. c4 cxd4 11. Nxd4 Nxd4 12. Bxd4 b6 13. b4 Rc8 14. Rc1 Qd7 15. Qb3 Rfd8 16. h3 Ne4 17. Nf3 dxc4 18. Bxc4 Bf6 19. Rfd1 b5 20. Bxf6 bxc4 21. Rxd7 cxb3 22. Rxd8+ Rxd8 23. Bxd8 Nxf2 1-0

[Event "Titled Tuesday intern op 11th Apr Early"]
[Site "Chess.com INT"]
[Date "2023.04.11"]
[Round "7"]
[White "Aung, Thant Zin"]
[Black "Valle Maytin, Luis Enrique"]
[Result "0-1"]
[WhiteElo "2268"]
[BlackElo "2241"]
[PlyCount "58"]
[EventDate "2023.04.11"]
[EventType "swiss (blitz)"]
[EventRounds "11"]
[EventCountry "USA"]
[SourceTitle "CBM 213 Extra"]
[Source "ChessBase"]
[SourceDate "2023.05.31"]
[SourceVersion "1"]
[SourceVersionDate "2023.05.31"]
[SourceQuality "1"]

1. e4 c5 2. Nf3 Nc6 3. Bb5 g6 4. 0-0 Bg7 5. c3 e5 6. d4 cxd4 7. cxd4 Nxd4 8. Nxd4 exd4 9. e5 Qb6 10. Na3 Ne7 11. Nc4 Qc5 12. Nd6+ Kf8 13. Bc4 Bxe5 14. Nxf7 Qxc4 15. Nxe5 Qd5 16. Bh6+ Ke8 17. Re1 b6 18. Bg5 Rg8 19. f4 Bb7 20. Qd2 Nf5 21. Nf3+ Kf7 22. g4 Ne3 23. Qxd4 Qxd4 24. Nxd4 Nd5 25. Re5 Rge8 26. Rae1 d6 27. Rxe8 Rxe8 28. Rxe8 Kxe8 29. f5 Kf7 0-1

[Event "Titled Tuesday intern op 14th Mar Early"]
[Site "Chess.com INT"]
[Date "2023.03.14"]
[Round "10"]
[White "Valle Maytin, Luis Enrique"]
[Black "Odegov, Artem"]
[Result "0-1"]
[WhiteElo "2229"]
[BlackElo "2261"]
[PlyCount "103"]
[EventDate "2023.03.14"]
[EventType "swiss (blitz)"]
[EventRounds "11"]
[EventCountry "USA"]
[SourceTitle "EXT 2024"]
[Source "ChessBase"]
[SourceDate "2023.10.10"]
[SourceVersion "1"]
[SourceVersionDate "2023.10.10"]
[SourceQuality "1"]

1. e4 e6 2. d4 d5 3. e5 c5 4. c3 Qb6 5. Nf3 Nc6 6. a3 Nh6 7. Bd3 cxd4 8. cxd4 Bd7 9. Bc2 Nf5 10. Bxf5 exf5 11. Nc3 Be6 12. 0-0 Be7 13. g3 0-0 14. Ne2 Rac8 15. Nf4 Na5 16. Re1 Rc7 17. h4 Rfc8 18. Qd3 Nb3 19. Be3 Nxa1 20. Rxa1 Qxb2 21. Rb1 Qc2 22. Qf1 Bxa3 23. Ng5 Qc6 24. Qe2 h6 25. Nf3 Qc2 26. Qf1 Qxb1 27. Qxb1 Rc1+ 28. Bxc1 Rxc1+ 29. Qxc1 Bxc1 30. Nd3 Ba3 31. Kf1 Kf8 32. Ke1 Ke7 33. Kd2 Kd7 34. Kc3 Kc6 35. Kb3 Be7 36. Nf4 a5 37. Ka4 Bb4 38. Nh5 g6 39. Nf4 b5+ 40. Kb3 Be7 41. Ne1 a4+ 42. Ka2 b4 43. Ned3 b3+ 44. Kb2 Kb5 45. Ne2 Kc4 46. Ndc1 a3+ 47. Kb1 Bb4 48. f3 a2+ 49. Nxa2 bxa2+ 50. Kxa2 Be1 51. Kb2 Kd3 52. Nf4+ 0-1